Advanced medicinal chemistry : (Record no. 73201)

MARC details
000 -LEADER
fixed length control field 00894nam a22002417a 4500
005 - DATE AND TIME OF LATEST TRANSACTION
control field 2013012208218.0
008 - FIXED-LENGTH DATA ELEMENTS--GENERAL INFORMATION
fixed length control field 130122t xxu||||| |||| 00| 0 eng d
010 ## - LCCN (DPL NO)
LC control number ENG-106642
020 ## - INTERNATIONAL STANDARD BOOK NUMBER
International Standard Book Number 9789381075661
Terms of availability 300.00
035 ## - SYSTEM CONTROL NUMBER
System control number EN-90175
037 ## - SOURCE OF ACQUISITION
Source of stock number/acquisition DBAD / PUB
040 ## - CATALOGING SOURCE
Original cataloging agency DPL
Language of cataloging ENG
082 ## - DEWEY DECIMAL CLASSIFICATION NUMBER
Classification number 615.19
100 ## - MAIN ENTRY--PERSONAL NAME
Personal name Prasad, M. Raghu
9 (RLIN) 54940
245 ## - TITLE STATEMENT
Title Advanced medicinal chemistry :
Statement of responsibility, etc by M. Raghu Prasad [and] A. Raghuram Rao
Remainder of title a laboratory guide /
260 ## - PUBLICATION, DISTRIBUTION, ETC. (IMPRINT)
Place of publication, distribution, etc Hyderabad
Name of publisher, distributor, etc PharmaMed Press
Date of publication, distribution, etc 2012
270 ## - ADDRESS
Address 4-4-316, Giriraj Lane, Sultan Bazar,
City Hyderabad
Postal code 500095
300 ## - PHYSICAL DESCRIPTION
Extent xiii, 373p.
Dimensions 22cm(pbk)
500 ## - GENERAL NOTE
General note Includes index
700 ## - ADDED ENTRY--PERSONAL NAME
9 (RLIN) 54941
Personal name Rao, A. Raghuram
942 ## - ADDED ENTRY ELEMENTS (KOHA)
Source of classification or shelving scheme Dewey Decimal Classification
Item type English Books
Call number suffix PRA
Classification part 615.19
Holdings
Withdrawn status Lost status Source of classification or shelving scheme Damaged status Not for loan Collection code Home library Current library Date acquired Source of acquisition Cost, normal purchase price Total Checkouts Full call number Barcode Date last seen Copy number Cost, replacement price Koha item type
    Dewey Decimal Classification     Non-fiction D.B.Act.Division D.B.Act.Division 22/01/2013 DBAD/PUB 300.00   615.19 PRA EN-90175 22/01/2013 1 300.00 English Books

© Delhi Public Library
Hit Counter
free hit counter